000 00482nam a2200169Ia 4500
008 230711s9999||||xx |||||||||||||| ||und||
020 _a978-93-21238-05-9
041 _aENG
082 _a615.1154
_bGO-I
100 _aGovernment of India Ministry of Health & Family Welfare
245 0 _aIndian Pharmacopoeia, 2014 Volume III
250 _a1st Ed.
260 _c2014
_aGhaziabad
_bThe Indian Pharmacopoeia Commission
300 _a2275-3437p.
650 _aPharmacy
942 _cBK
999 _c7199
_d7199